MARC details
| 000 -LEADER |
| fixed length control field |
00747cam a2200181 4500 |
| 001 - CONTROL NUMBER |
| control field |
WS109074 |
| 008 - FIXED-LENGTH DATA ELEMENTS--GENERAL INFORMATION |
| fixed length control field |
000000n 000 0 eng u |
| 035 ## - SYSTEM CONTROL NUMBER |
| System control number |
(Sirsi) u109074 |
| 245 ## - TITLE STATEMENT |
| Title |
EPolitix |
| 520 ## - SUMMARY, ETC. |
| Summary, etc. |
Web site describing itself as 'Britain's leading political and parliamentary website', including web pages for MPs, government departments and political news. Also has microsites for companies, charities and other organisations' government and public affairs departments. |
| 650 ## - SUBJECT ADDED ENTRY--TOPICAL TERM |
| Topical term or geographic name entry element |
POLITICS |
| 650 ## - SUBJECT ADDED ENTRY--TOPICAL TERM |
| Topical term or geographic name entry element |
HOUSES OF PARLIAMENT |
| 650 ## - SUBJECT ADDED ENTRY--TOPICAL TERM |
| Topical term or geographic name entry element |
GOVERNMENT DEPARTMENTS |
| 650 ## - SUBJECT ADDED ENTRY--TOPICAL TERM |
| Topical term or geographic name entry element |
GOVERNMENT POLICY |
| 690 ## - LOCAL SUBJECT ADDED ENTRY--TOPICAL TERM (OCLC, RLIN) |
| Topical term or geographic name as entry element |
LAW |
| 856 40 - ELECTRONIC LOCATION AND ACCESS |
| Host name |
|
| Uniform Resource Identifier |
<a href="https://www.epolitix.com/">https://www.epolitix.com/</a> |
| Public note |
View the website free of charge at www.epolitix.com/... |
| 942 ## - ADDED ENTRY ELEMENTS (KOHA) |
| Suppress in OPAC |
0 |